LDR 00882naa#a2200229#i#450# 001 EN\\bibl\126502 005 20260701065952.3 011 ## _a2074-9414 100 ## _a20260630b2026####ek#y0engy0150####ca 101 0# _aRUS 102 ## _aRU 200 1# _aAcademician of the Russian Academy of Sciences Alexander Yu. Prosekov: On His 50 th Birthday _eJournal article 210 1# _aKemerovo _cKemerovo State University _d2026 215 ## _a17 с. 608 ## _aJournal article _2local 675 ## _aХимическая технология. Химическая промышленность. Пищевая промышленность. Металлургия. Родственные отрасли. 66 _zRUS 700 #1 _aIvanova _gSvetlana A. 700 #1 _aBabich _gOlga O. 700 #1 _aKriger _gOlga V. 700 #1 _aGolubtsova _gYulia V. 700 #1 _aVoblikova _gTatyana V. 856 4# _ajcenter.kemsu.ru _u